- Gilly, Adolfo,
Entry Nombre Personal
001 - NUMERO DE CONTROL
- campo de control: 30989
003 - IDENTIFICADOR DE NUMERO DE CONTROL
- campo de control: DLC
005 - FECHA Y HORA DE LA ÜLTIMA TRANSACCIÓN
- campo de control: 20230303120630.0
008 - DATOS DE LONGITUD FIJA
- campo de control de longitud fija: 230303n| azannaabn |a aaa
010 ## - NÚMERO DE CONTROL DE LA BIBLIOTECA DEL CONGRESO
- Número de control LC: n 80144802
024 7# - OTROS IDENTIFICADORES NORMALIZADOS
- Número normalizado o código: 0000000121328011
- Fuente: isni
035 ## - NUMERO DE CONTROL
- Número de control: (OCoLC)oca00524953
040 ## - FUENTE DE CATALOGACIÓN
- Agencia original de catalogación: DLC
- Lenguaje de catalogación: spa
- Description conventions: rda
- Agencia de transcripción: DLC
- Agencia que lo modifica: DLC
- Agencia que lo modifica: OCoLC
- Agencia que lo modifica: ICU
- Agencia que lo modifica: IEN
- Agencia que lo modifica: DLC
- Agencia que lo modifica: MX-MxUPN
046 ## - FECHAS CON CODIFICACIÓN ESPECIAL
- Fecha de nacimiento: 1928
- Fuente del formato de fecha: edtf
100 1# - ENCABEZAMIENTO - NOMBRE PERSONAL
- Nombre personal: Gilly, Adolfo,
- Fechas asociadas con el nombre: 1928-
372 ## - CAMPO DE ACTIVIDAD
- Field of activity: Ciencias políticas
- Fuente del término: lcsh
373 ## - GRUPO ASOCIADO
- Associated group: Universidad Nacional Autónoma de México
- Fuente del término: naf
374 ## - OCUPACIÓN
- Occupation: Profesor universitario
377 ## - LENGUA ASOCIADA
- Language code: eng
- Language code: spa
400 1# - VEÁSE - NOMBRE DE PERSONA
- Personal name: Gilly, A.
- Fuller form of name: (Adolfo)
400 1# - VEÁSE - NOMBRE DE PERSONA
- Personal name: Malvagni Gilly, Adolfo,
- Dates associated with a name: 1928-
670 ## - FUENTE EN LA QUE SE LOCALIZARON DATOS
- Cita de la fuente: En su obra: Inside the Cuban revolution, 1964.
670 ## - FUENTE EN LA QUE SE LOCALIZARON DATOS
- Cita de la fuente: En su obra: The Mexican Revolution:
- Información localizada: portada (Adolfo Gilly) jkt. (n. 1928; prof., political sci., Autonomous National Univ. of Mexico)
670 ## - FUENTE EN LA QUE SE LOCALIZARON DATOS
- Cita de la fuente: Empezar de nueva, 1987:
- Información localizada: portada (A. Gilly) página 7 (Adolfo Gilly)
670 ## - FUENTE EN LA QUE SE LOCALIZARON DATOS
- Cita de la fuente: Paths of revolution, 2022:
- Información localizada: CIP portada (Adolfo Gilly) galley (Born Adolfo Malvagni Gilly in Buenos Aires in 1928, adopted his mother's surname as his nom de plume; Gilly's militancy in the ranks of the Fourth International--his nom de guerre was “Lucero”--would shape the rest of his personal and political trajectory, sending him from Buenos Aires to the Bolivian altiplano and from revolutionary Havana to the jungles of Guatemala)
902 ## - CATALOGADOR
- Catalogador: NDAF/230303
